[Event "Ville d'Orsay online Blitz"]
[Site "Europe Echecs INT"]
[Date "2021.02.07"]
[Round "11"]
[White "Haub, Thorsten Michael"]
[Black "Auder, Benjamin"]
[Result "1-0"]
[WhiteElo "2426"]
[BlackElo "1934"]
[PlyCount "67"]
[EventDate "2021.02.07"]
[EventType "swiss (blitz)"]
[EventRounds "11"]
[EventCountry "FRA"]
[SourceTitle "CBM 200 Extra"]
[Source "ChessBase"]
[SourceDate "2021.03.31"]
[SourceVersion "1"]
[SourceVersionDate "2021.03.31"]
[SourceQuality "1"]

1. Nf3 Nc6 2. a3 e5 3. d3 f5 4. b4 d6 5. c4 Nf6 6. Nc3 g6 7. Bb2 Bg7 8. g3 0-0 9. Bg2 h6 10. 0-0 Be6 11. Rc1 a5 12. b5 Ne7 13. Nd2 Rb8 14. e3 d5 15. cxd5 Nexd5 16. Nc4 Nxc3 17. Bxc3 Bd5 18. Nxe5 Bxg2 19. Kxg2 Qd5+ 20. Qf3 Qxb5 21. Nxg6 Rfd8 22. Ne7+ Kf8 23. Nxf5 Bh8 24. Bxf6 Bxf6 25. Rxc7 Rxd3 26. Nd4 Qe5 27. Rfc1 Rxa3 28. Rxb7 Rxb7 29. Qxb7 Be7 30. Rc8+ Kf7 31. Qf3+ Kg6 32. Rg8+ Kh7 33. Qf7+ Qg7 34. Qxg7# 1-0

[Event "Ville d'Orsay online Blitz"]
[Site "Europe Echecs INT"]
[Date "2021.02.07"]
[Round "3"]
[White "Mamedyarov, Shakhriyar"]
[Black "Haub, Thorsten Michael"]
[Result "1/2-1/2"]
[WhiteElo "2770"]
[BlackElo "2426"]
[PlyCount "169"]
[EventDate "2021.02.07"]
[EventType "swiss (blitz)"]
[EventRounds "11"]
[EventCountry "FRA"]
[SourceTitle "CBM 200 Extra"]
[Source "ChessBase"]
[SourceDate "2021.03.31"]
[SourceVersion "1"]
[SourceVersionDate "2021.03.31"]
[SourceQuality "1"]

1. d4 e6 2. Nf3 f5 3. c3 Nf6 4. Bg5 Be7 5. Nbd2 b6 6. Bxf6 Bxf6 7. e4 fxe4 8. Nxe4 Bb7 9. Bd3 Qe7 10. Qc2 Nc6 11. 0-0-0 0-0-0 12. Rhe1 Qf7 13. Kb1 h6 14. Qe2 Kb8 15. Ka1 Rhf8 16. h3 g5 17. Rf1 Bg7 18. Rde1 Qe7 19. Ng3 Qf7 20. Be4 Rde8 21. Qc2 Rd8 22. Qe2 Rde8 23. Qd3 Rd8 24. d5 Ne7 25. dxe6 dxe6 26. Qc2 Nd5 27. Rd1 c5 28. Rfe1 Nf4 29. Rxd8+ Rxd8 30. Rg1 Bd5 31. a3 Qd7 32. Nd2 c4 33. Nf3 Qb5 34. Nd4 Bxd4 35. cxd4 Nd3 36. Bxd5 Rxd5 37. Ne2 Qb3 38. Qxb3 cxb3 39. f3 Nf4 40. Nc1 Rxd4 41. Nxb3 Rd3 42. Ka2 Re3 43. Nc1 e5 44. Kb1 e4 45. fxe4 Rxe4 46. Kc2 Re3 47. g3 Nxh3 48. Rg2 g4 49. Kd2 Rf3 50. Ne2 Ng5 51. Ke1 Ne4 52. Rh2 Nxg3 53. Nxg3 Rxg3 54. Rxh6 Rg2 55. b4 Ra2 56. Rg6 Rxa3 57. Rxg4 Rc3 58. Kd2 Rc6 59. b5 Rc5 60. Rg8+ Kb7 61. Rg7+ Rc7 62. Rg5 Rc5 63. Rg7+ Kc8 64. Rxa7 Rxb5 65. Kc3 Rc5+ 66. Kb3 Rc7 67. Ra8+ Kb7 68. Ra1 Rh7 69. Rf1 Ka6 70. Kb4 Rh4+ 71. Kb3 Ka5 72. Rf5+ b5 73. Rf8 Rh3+ 74. Kb2 Ka4 75. Rf4+ b4 76. Rf2 Rb3+ 77. Ka2 Re3 78. Kb2 Kb5 79. Rh2 Kc4 80. Rh4+ Kc5 81. Rh5+ Kd4 82. Rh4+ Re4 83. Rxe4+ Kxe4 84. Kb3 Kd3 85. Kxb4 1/2-1/2

[Event "GER-chT Online Liga 1 GpB"]
[Site "Playchess.com INT"]
[Date "2021.01.20"]
[Round "1.1"]
[White "Nguyen, Alex Dac Vuong"]
[Black "Haub, Thorsten Michael"]
[Result "1/2-1/2"]
[WhiteElo "2307"]
[BlackElo "2426"]
[PlyCount "83"]
[EventDate "2021.01.18"]
[EventType "team-tourn (rapid)"]
[EventRounds "7"]
[EventCountry "GER"]
[SourceTitle "CBM 200 Extra"]
[Source "ChessBase"]
[SourceDate "2021.03.31"]
[SourceVersion "1"]
[SourceVersionDate "2021.03.31"]
[SourceQuality "1"]
[WhiteTeam "Leipzig SG"]
[BlackTeam "Plettenberg"]
[WhiteTeamCountry "GER"]
[BlackTeamCountry "GER"]

1. c4 g6 2. d4 Bg7 3. e4 d6 4. Nc3 c6 5. Nge2 a6 6. Be3 b5 7. Ng3 Nf6 8. f3 bxc4 9. Bxc4 d5 10. Be2 dxe4 11. fxe4 0-0 12. 0-0 a5 13. Rc1 Na6 14. a3 h5 15. h3 Rb8 16. Qd2 c5 17. d5 Nd7 18. Rfd1 Ne5 19. Na4 Bd7 20. Nxc5 Nxc5 21. Bxc5 Rxb2 22. Rc2 Rxc2 23. Qxc2 Qc7 24. Rc1 Rc8 25. Qd2 Ng4 26. hxg4 Qxg3 27. Bf2 Qxa3 28. Rxc8+ Bxc8 29. gxh5 Qa1+ 30. Qd1 gxh5 31. Bxh5 f5 32. Qxa1 Bxa1 33. exf5 Bxf5 34. Bc5 Be4 35. Bxe7 Bxd5 36. Bf3 Bxf3 37. gxf3 Bc3 38. Kf2 Kf7 39. Ba3 Ke6 40. Ke3 Kd5 41. Kd3 Be5 42. Bf8 1/2-1/2

[Event "Cappelle Online Blitz op 1st"]
[Site "Europe Echecs INT"]
[Date "2021.01.10"]
[Round "10"]
[White "Fischer, Daniel1111"]
[Black "Haub, Thorsten Michael"]
[Result "1-0"]
[WhiteElo "2276"]
[BlackElo "2426"]
[PlyCount "95"]
[EventDate "2021.01.10"]
[EventType "swiss (blitz)"]
[EventRounds "11"]
[EventCountry "FRA"]
[SourceTitle "CBM 200 Extra"]
[Source "ChessBase"]
[SourceDate "2021.03.31"]
[SourceVersion "1"]
[SourceVersionDate "2021.03.31"]
[SourceQuality "1"]

1. e4 g6 2. d4 Bg7 3. Nc3 d6 4. f4 Nf6 5. Nf3 0-0 6. e5 Ne8 7. h4 h5 8. Be2 c5 9. dxc5 Nc6 10. exd6 exd6 11. Be3 Bg4 12. Qd2 Qa5 13. cxd6 Rd8 14. Ne4 Qxd2+ 15. Nfxd2 Nxd6 16. Bxg4 Nxe4 17. Nxe4 hxg4 18. Kf2 Rfe8 19. Nc3 Nb4 20. Rad1 Rc8 21. Bd4 Bxd4+ 22. Rxd4 Nxc2 23. Rd7 Nb4 24. a3 Na6 25. Rxb7 Nc5 26. Rxa7 Nd3+ 27. Kg3 Re3+ 28. Kxg4 Kg7 29. h5 Nf2+ 30. Kh4 Rh8 31. g4 Rf3 32. Rg1 Nd3 33. Ne4 Nxf4 34. Ng5 Rf2 35. Rxf7+ Kh6 36. Kg3 Kxg5 37. Kxf2 Nh3+ 38. Kg2 Nxg1 39. Kxg1 gxh5 40. gxh5 Rc8 41. Rf2 Kxh5 42. b4 Rc1+ 43. Kg2 Ra1 44. Rf3 Kg4 45. Rb3 Kf4 46. b5 Ra2+ 47. Kf1 Ke5 48. b6 1-0

[Event "Cappelle Online Blitz op 1st"]
[Site "Europe Echecs INT"]
[Date "2021.01.10"]
[Round "1"]
[White "Haub, Thorsten Michael"]
[Black "Ghita, Vlad Bogdan"]
[Result "1-0"]
[WhiteElo "2426"]
[BlackElo "1742"]
[PlyCount "69"]
[EventDate "2021.01.10"]
[EventType "swiss (blitz)"]
[EventRounds "11"]
[EventCountry "FRA"]
[SourceTitle "CBM 200 Extra"]
[Source "ChessBase"]
[SourceDate "2021.03.31"]
[SourceVersion "1"]
[SourceVersionDate "2021.03.31"]
[SourceQuality "1"]

1. Nf3 c5 2. g3 d5 3. Bg2 Nc6 4. 0-0 e5 5. d3 f6 6. Nc3 Be6 7. e4 d4 8. Nd5 Nge7 9. Nxe7 Bxe7 10. Nh4 Qd7 11. a3 0-0 12. f4 exf4 13. gxf4 f5 14. Nxf5 Bxf5 15. exf5 Qxf5 16. Qf3 Bd6 17. Bd2 Rae8 18. Qd5+ Qxd5 19. Bxd5+ Kh8 20. Be4 Rf6 21. Rae1 Ref8 22. f5 g6 23. Bh6 Re8 24. fxg6 Rxf1+ 25. Rxf1 hxg6 26. Rf6 Be5 27. Rxg6 Rg8 28. Rxg8+ Kxg8 29. Bg5 Kf7 30. h4 Bf6 31. Bxf6 Kxf6 32. Bxc6 bxc6 33. Kg2 Kf5 34. Kf3 a5 35. a4 1-0

[Event "Cappelle Online Blitz op 1st"]
[Site "Europe Echecs INT"]
[Date "2021.01.10"]
[Round "8"]
[White "Kamsky, Gata"]
[Black "Haub, Thorsten Michael"]
[Result "1-0"]
[WhiteElo "2665"]
[BlackElo "2426"]
[PlyCount "79"]
[EventDate "2021.01.10"]
[EventType "swiss (blitz)"]
[EventRounds "11"]
[EventCountry "FRA"]
[SourceTitle "CBM 200 Extra"]
[Source "ChessBase"]
[SourceDate "2021.03.31"]
[SourceVersion "1"]
[SourceVersionDate "2021.03.31"]
[SourceQuality "1"]

1. d4 e6 2. Bf4 f5 3. e3 Nf6 4. Nd2 Be7 5. Ngf3 0-0 6. h3 d6 7. g4 Ne4 8. gxf5 exf5 9. Rg1 Kh8 10. Bd3 Nxd2 11. Qxd2 Qe8 12. 0-0-0 a5 13. h4 Nc6 14. a3 Rb8 15. Bb5 Bd7 16. Ng5 Bf6 17. Kb1 b6 18. Qc3 Rb7 19. Qd2 Nd8 20. Bxd7 Qxd7 21. h5 Ne6 22. Nxe6 Qxe6 23. Bg5 Ra8 24. Bxf6 Qxf6 25. Rg3 b5 26. Qc3 c5 27. dxc5 Qxc3 28. bxc3 dxc5 29. Kb2 b4 30. a4 c4 31. Rg5 h6 32. Rxf5 Rab8 33. Rdd5 b3 34. Rxa5 bxc2+ 35. Rab5 Rxb5+ 36. Rxb5 Rf8 37. f4 Re8 38. Re5 Rb8+ 39. Kxc2 Rb3 40. Rc5 1-0

[Event "BEL-chT 1920"]
[Site "Belgium"]
[Date "2019.10.20"]
[Round "3.5"]
[White "Odendahl, Reiner"]
[Black "Haub, Thorsten Michael"]
[Result "0-1"]
[WhiteElo "2359"]
[BlackElo "2414"]
[PlyCount "80"]
[EventDate "2019.09.29"]
[EventType "team-tourn"]
[EventRounds "11"]
[EventCountry "BEL"]
[SourceTitle "CBM 195 Extra"]
[Source "ChessBase"]
[SourceDate "2020.05.31"]
[SourceVersion "1"]
[SourceVersionDate "2020.05.31"]
[SourceQuality "1"]
[WhiteTeam "Eupen Rochade"]
[BlackTeam "Wirtzfeld"]
[WhiteTeamCountry "BEL"]
[BlackTeamCountry "BEL"]

1. d4 g6 2. g3 Bg7 3. Bg2 d6 4. e4 Nf6 5. Ne2 0-0 6. 0-0 c6 7. c4 e5 8. Nbc3 Na6 9. h3 Qa5 10. Be3 b5 11. cxb5 cxb5 12. a4 b4 13. Nb5 Rd8 14. Nc1 Rd7 15. Qd2 exd4 16. Nxd4 Bb7 17. Ncb3 Qe5 18. Bf4 Nxe4 19. Qc2 Qd5 20. Rfe1 f5 21. Rad1 Rc8 22. Qb1 Qf7 23. Na5 Ba8 24. Bf1 Bxd4 25. Rxd4 Nac5 26. Be3 Ne6 27. Rxb4 N4g5 28. Bg2 f4 29. gxf4 Nf3+ 30. Bxf3 Bxf3 31. Rc4 Rxc4 32. Nxc4 Nxf4 33. Bxf4 Qxf4 34. Ne3 Re7 35. Qd3 Qg5+ 36. Kf1 Qh4 37. Qb3+ Kf8 38. Qb8+ Kg7 39. Qxd6 Qxh3+ 40. Kg1 Qh1# 0-1

[Event "Oberliga NRW 1920"]
[Site "Germany"]
[Date "2019.10.13"]
[Round "2.1"]
[White "Haub, Thorsten Michael"]
[Black "Webb, Laurence"]
[Result "0-1"]
[WhiteElo "2391"]
[BlackElo "2270"]
[PlyCount "176"]
[EventDate "2019.09.15"]
[EventType "team-tourn"]
[EventRounds "9"]
[EventCountry "GER"]
[SourceTitle "CBM 195 Extra"]
[Source "ChessBase"]
[SourceDate "2020.05.31"]
[SourceVersion "1"]
[SourceVersionDate "2020.05.31"]
[SourceQuality "1"]
[WhiteTeam "Plettenberg"]
[BlackTeam "Muenster"]
[WhiteTeamCountry "GER"]
[BlackTeamCountry "GER"]

1. g3 e5 2. Bg2 d5 3. c4 d4 4. d3 Nf6 5. Nf3 Nc6 6. 0-0 a5 7. e3 Be7 8. exd4 exd4 9. Na3 0-0 10. Nb5 Bf5 11. a3 Bc5 12. Bg5 Rc8 13. Nh4 Be6 14. Re1 h6 15. Bd2 Re8 16. Rb1 Bg4 17. Rxe8+ Qxe8 18. Qc2 Qd7 19. f4 Bh3 20. b4 Bxg2 21. Kxg2 axb4 22. axb4 Bf8 23. Nf3 Re8 24. Re1 Rxe1 25. Bxe1 Bxb4 26. Bf2 Ng4 27. h3 Nxf2 28. Qxf2 Bc5 29. Qe2 g6 30. g4 Kg7 31. f5 Qe7 32. Qxe7 Nxe7 33. Nxc7 gxf5 34. g5 Ng6 35. Ne8+ Kf8 36. Nf6 Be7 37. Nd5 hxg5 38. Nxd4 Nh4+ 39. Kf1 g4 40. hxg4 fxg4 41. Nxe7 Kxe7 42. Kf2 Kf6 43. Nb5 Nf5 44. d4 Ke6 45. Nc7+ Kd6 46. Nb5+ Kc6 47. Na7+ Kd7 48. Nb5 Nd6 49. Na3 f5 50. Ke3 g3 51. Kf3 f4 52. Nc2 Nf5 53. Ne1 Nh4+ 54. Kxf4 g2 55. Nxg2 Nxg2+ 56. Ke4 Ne1 57. Kd5 Nd3 58. Ke4 Ne1 59. Kd5 Nd3 60. Ke4 Nb4 61. Ke5 Kc6 62. Ke4 Kd6 63. Ke3 Ke6 64. Ke4 Na6 65. Kf4 Nb8 66. Ke4 Nd7 67. Kd3 Kf5 68. Ke3 Nb8 69. Kd3 Na6 70. c5 Nc7 71. Kc4 Ke6 72. Kb4 Kd7 73. Kb3 Kc6 74. Kc4 Nd5 75. Kd3 Kb5 76. Ke4 Nb4 77. Ke5 Nc6+ 78. Kd5 Ka6 79. Kc4 Ka5 80. d5 Na7 81. c6 b6 82. Kd4 Kb5 83. c7 Nc8 84. Ke5 Kc5 85. Ke6 b5 86. Kd7 Nb6+ 87. Ke6 Nc8 88. Kd7 Nd6 0-1

[Event "Avoine op 34th"]
[Site "Avoine"]
[Date "2019.07.26"]
[Round "7"]
[White "Haub, Thorsten Michael"]
[Black "Mullon, Jean Baptiste"]
[Result "1-0"]
[WhiteElo "2404"]
[BlackElo "2378"]
[PlyCount "97"]
[EventDate "2019.07.20"]
[EventType "swiss"]
[EventRounds "9"]
[EventCountry "FRA"]
[SourceTitle "CBM 191 Extra"]
[Source "ChessBase"]
[SourceDate "2019.09.30"]
[SourceVersion "1"]
[SourceVersionDate "2019.09.30"]
[SourceQuality "1"]

1. Nf3 d5 2. g3 c6 3. Bg2 Bg4 4. 0-0 Nd7 5. d3 e6 6. Qe1 Bc5 7. e4 Ne7 8. Nbd2 0-0 9. h3 Bh5 10. Kh1 Qc7 11. Nh2 e5 12. f4 exf4 13. gxf4 f6 14. Nb3 Bb6 15. f5 Qd8 16. Qh4 Qe8 17. Bf4 dxe4 18. Bxe4 Bf7 19. Bd6 Qd8 20. Ng4 Kh8 21. Rae1 Re8 22. Re2 Nf8 23. Nh6 Bg8 24. Ba3 Qc7 25. Rg2 Be3 26. Nxg8 Nxg8 27. Qg3 Qxg3 28. Rxg3 Bb6 29. Nc5 Rab8 30. Rfg1 Re7 31. R1g2 Bc7 32. Rf3 Bd6 33. b4 Rd8 34. Rf1 Rc8 35. Bb2 b6 36. Na6 Nd7 37. c4 Be5 38. Bc1 Bd4 39. Bf4 Ne5 40. Rc2 Rd7 41. a4 Nh6 42. Bxe5 Bxe5 43. c5 Nf7 44. cxb6 axb6 45. Rfc1 Nd8 46. b5 c5 47. a5 bxa5 48. Nxc5 Rd6 49. Ne6 1-0